000 00934cam a2200157 4500500
005 20260111090542.0
041 _afre
042 _adc
100 1 0 _aVallin, Pierre
_eauthor
245 0 0 _aMichel Lagrée, Religion et modernité, France (xixe-xxe siècles). Etudes réunies par Etienne Fouilloux et Jacqueline Sainclair, et présentées par Claude Langlois. Presses Universitaires de Rennes, 2002, 318 pages, 22 €
260 _c2003.
500 _a89
520 _aRésuméQue ce soit en Amérique du Sud, en Europe, en Asie ou aux Etats-Unis, la Performance aura durablement marqué la création artistique depuis sa naissance dans l’Amérique des années 50. L’interdisciplinarité et la participation du public en sont l’une des constantes.
786 0 _nÉtudes | 398 | 6 | 2003-06-01 | p. 846zl-863zl | 0014-1941
856 4 1 _uhttps://shs.cairn.info/revue-etudes-2003-6-page-846zl?lang=fr&redirect-ssocas=7080
999 _c1619167
_d1619167